书目信息 |
| 题名: |
网聚正能量 共筑中国梦
|
|
| 作者: | 钱云光 主编 | |
| 分册: | ||
| 出版信息: | 成都 电子科技大学出版社 2020 |
|
| 页数: | 110页 | |
| 开本: | 29cm | |
| 丛书名: | ||
| 单 册: | ||
| 中图分类: | TP393.1 , G641 | |
| 科图分类: | ||
| 主题词: | 教育--各级 | |
| 电子资源: | ||
| ISBN: | 978-7-5647-7801-9 | |
| 000 | 01281nam0 2200265 450 | |
| 001 | 2454954789 | |
| 005 | 20240829151616.56 | |
| 010 | @a978-7-5647-7801-9@dCNY68.00 | |
| 100 | @a20200921d2020 em y0chiy0120 ea | |
| 101 | 0 | @achi |
| 102 | @aCN@b510000 | |
| 105 | @aa z 000yy | |
| 200 | 1 | @a网聚正能量 共筑中国梦@9wang ju zheng neng liang gong zhu zhong guo meng@b专著@e电子科技大学2019年年度网络文化正能量精品集@f钱云光主编 |
| 210 | @a成都@c电子科技大学出版社@d2020 | |
| 215 | @a110页@c彩图,彩照@d29cm | |
| 300 | @a教育部“高校思想政治工作专项经费资助”“高校思想政治工作中青年骨干队伍建设项目”、教育部人文社会科学研究专项任务项目(高校思想政治工作)“基于大数据的高校网络思想政治教育精准化及实践路径研究”的资助 | |
| 330 | @a本书从时代初心、师情话意、青年视界、智能应用、精彩荟萃五个方面汇集了电子科技大学2019年年度原创的优秀网络文化作品和创意应用方案,以切实增强学校网络育人工作实效,助力人才培养。 | |
| 517 | 1 | @a电子科技大学2019年年度网络文化正能量精品集@9dian zi ke ji da xue 2019 nian nian du wang luo wen hua zheng neng liang jing pin ji |
| 601 | 02 | @a电子科技大学@x校园网@x网络文化 |
| 606 | 0 | @a教育@x各级 |
| 690 | @aTP393.1@v5 | |
| 690 | @aG641@v4 | |
| 701 | 0 | @a钱云光@9qian yun guang@4主编 |
| 801 | 2 | @aCN@b58marc.cn@c20210127 |
| 905 | @aZUCC@dG641@e401 | |
| 网聚正能量 共筑中国梦:电子科技大学2019年年度网络文化正能量精品集/钱云光主编.-成都:电子科技大学出版社,2020 |
| 110页:彩图,彩照;29cm |
| 教育部“高校思想政治工作专项经费资助”“高校思想政治工作中青年骨干队伍建设项目”、教育部人文社会科学研究专项任务项目(高校思想政治工作)“基于大数据的高校网络思想政治教育精准化及实践路径研究”的资助 |
| ISBN 978-7-5647-7801-9:CNY68.00 |
| 本书从时代初心、师情话意、青年视界、智能应用、精彩荟萃五个方面汇集了电子科技大学2019年年度原创的优秀网络文化作品和创意应用方案,以切实增强学校网络育人工作实效,助力人才培养。 |
| ● |
| 相关链接 |
|
|
|
正题名:网聚正能量 共筑中国梦
索取号:G641/401
 
预约/预借
| 序号 | 登录号 | 条形码 | 馆藏地/架位号 | 状态 | 备注 |
| 1 | 2001769387 | 2001769387 | 第四书库/四26架A面2层2列/ [索取号:G641/401] | 在馆 | |
| 2 | 2001769388 | 2001769388 | 第四书库/四26架A面2层2列/ [索取号:G641/401] | 在馆 | |
| 3 | 2001769389 | 2001769389 | 第四书库/四26架A面2层2列/ [索取号:G641/401] | 在馆 | |
| 4 | 2001769390 | 2001769390 | 第四书库/四26架A面2层2列/ [索取号:G641/401] | 在馆 | |
| 5 | 2001769391 | 2001769391 | 第四书库/四26架A面2层2列/ [索取号:G641/401] | 在馆 | |
| 6 | 2001769392 | 2001769392 | 第四书库/四26架A面2层2列/ [索取号:G641/401] | 在馆 |